LEADER 01489nam0 22003373i 450 001 RMS0023027 005 20251003044343.0 010 $a0132198258 010 $a0133648451 100 $a20130404d1994 ||||0itac50 ba 101 | $aeng 102 $aus 181 1$6z01$ai $bxxxe 182 1$6z01$an 200 1 $aComputer-based exercises for signal processing using MATLAB$fC. Sidney Burrus ... [et al.] 210 $aEnglewood Cliffs (N.J.)$cPrentice-Hall$dc1994 215 $aXII, 404 p.$d28 cm. 225 | $aˆThe ‰Matlab curriculum series 410 0$1001AQ10003653$12001 $aˆThe ‰Matlab curriculum series 606 $aElaborazione dei segnali$xImpiego di MATLAB $2FIR$3UFIC058555$9I 676 $a621.382078$9INGEGNERIA DELLE COMUNICAZIONI. Uso di apparecchi e attrezzature nello studio e nell'insegnamento$v14 676 $a621.3822078555$9Elaborazione del segnale. Istruzione assistita dall'elaboratore. Specifici programmi con applicazioni interdisciplinari$v22 700 1$aBurrus$b, C. Sidney$3PUVV028236$4070$022946 801 3$aIT$bIT-000000$c20130404 850 $aIT-BN0095 901 $bNAP 01$cSALA DING $n$ 912 $aRMS0023027 950 0$aBiblioteca Centralizzata di Ateneo$c1 v.$d 01SALA DING 621.382078 COMBEF$e 0102 0000025835 VMA A4 1 v.$fY $h19960410$i20130404 977 $a 01 996 $aComputer-based exercises for signal processing using MATLAB$9911162 997 $aUNISANNIO